| 000 | 00483nam a2200205Ia 4500 | ||
|---|---|---|---|
| 003 | OSt | ||
| 005 | 20230421145503.0 | ||
| 008 | 210423s2009 xx 000 0 und d | ||
| 020 | _a9788181280916 | ||
| 040 | _cAL | ||
| 041 | _aeng | ||
| 082 |
_a512.9422 _223 _bBARE |
||
| 100 |
_aBARBEAU (E J). _991581 |
||
| 245 | _aPolynomials. | ||
| 260 |
_aNew Delhi _bSpringer Verlag _c2009 |
||
| 300 |
_axxii,455 _bPB |
||
| 365 |
_b395 _cINR |
||
| 906 | _aPolynomials. | ||
| 942 |
_2ddc _cBK |
||
| 999 |
_c160880 _d160880 |
||